000 00468nam a2200169 i 4500
001 101685
003 ES-MaACL
005 20250822063148.0
007 t|
008 051021s1967 sp ||||1| cat d
100 1 _aMeliĆ , Josep,
_d1939-2000
_9173040
245 1 4 _aEls mallorquins /
_cJosep MeliĆ”.
260 _aPalma de Mallorca :
_bDaedalus,
_c1967.
300 _a194 p. ;
_c22 cm.
852 _aES-MaACL
_jC-31853
_bR.62429
999 _c101685
_d101685